000 00560nam a2200145Ia 4500
008 170221s9999 xx 000 0 und d
100 _aMuhammad Mat Yusof
245 _aE-compare of Soccer Tournament Structures
245 _cMuhammad Mat Yusof, Ruzelan Khalid, Tajularipin Sulaiman, Mohamad Shukri Abdul Hamid, Rosnalini Mansor, Nurzahidah Che Rosli
260 _bInternational Review of Management and Marketing
260 _cDecember 2015
300 _a7:2
650 _xMarketing.
856 _uhttp://www.econjournals.com/index.php/irmm/issue/view/97
999 _c310102
_d310102